| 000 | 00400nam a2200145Ia 4500 | ||
|---|---|---|---|
| 008 | 230917s9999||||xx |||||||||||||| ||und|| | ||
| 040 |
_e50276 _aMAIN |
||
| 041 | _aEnglish | ||
| 082 | _a822.08 H965C | ||
| 100 | _aHussey, Maurice | ||
| 245 | 0 | _aChester mystery plays: Sixteen pageant plays from the Chester Craft Cycle | |
| 260 |
_aLondon _bHeinemann _c1964 |
||
| 300 | _axxi, 160 p. | ||
| 942 | _cBK | ||
| 999 |
_c189356 _d189356 |
||